[Event "4NCL/Div4/FCA2 vs. ATH"]
[Site "Birmingham ENG"]
[Date "2007.10.27"]
[Round "1.2"]
[White "Stevenson, James A B"]
[Black "Habershon, Paul"]
[Result "1-0"]
[WhiteElo "2067"]
[BlackElo "2094"]
[PlyCount "81"]
[EventDate "2007.10.27"]
[EventType "team"]
[EventRounds "11"]
[EventCountry "ENG"]
[SourceDate "2007.09.15"]

1. Nf3 d5 2. c4 e6 3. d4 Nf6 4. g3 Be7 5. Nc3 O-O 6. Bg2 c6 7. O-O Nbd7 8. b3
b6 9. Qc2 Bb7 10. e4 dxe4 11. Nxe4 c5 12. Nxf6+ Nxf6 13. Bb2 cxd4 14. Nxd4 Bxg2
15. Kxg2 Qc7 16. Qe2 Qb7+ 17. Qf3 Qxf3+ 18. Kxf3 Rac8 19. Rad1 Rfd8 20. Ke2 Ne4
21. Ke3 Nc5 22. Nf3 Kf8 23. Rd4 Nd7 24. Rfd1 Ke8 25. R4d3 Bf6 26. Bxf6 Nxf6 27.
Rxd8+ Rxd8 28. Rxd8+ Kxd8 29. Ne5 Ke8 30. Kd4 Nd7 31. Nxd7 Kxd7 32. c5 Kc6 33.
cxb6 axb6 34. f4 f6 35. a3 Kb5 36. g4 h6 37. h4 g6 38. g5 hxg5 39. hxg5 e5+ 40.
fxe5 fxg5 41. Kd5 1-0

[Event "4NCL/Div4/FCA2 vs. ATH"]
[Site "Birmingham ENG"]
[Date "2007.10.27"]
[Round "1.3"]
[White "Williamson, Kevin J"]
[Black "Gruettner, Ralf"]
[Result "0-1"]
[WhiteElo "2043"]
[BlackElo "2096"]
[PlyCount "124"]
[EventDate "2007.10.27"]
[EventType "team"]
[EventRounds "11"]
[EventCountry "ENG"]
[SourceDate "2007.09.15"]

1. d4 Nf6 2. Nf3 g6 3. e3 Bg7 4. Be2 O-O 5. b3 c5 6. Bb2 Ne4 7. O-O Nc6 8. c4
d6 9. Nc3 Nxc3 10. Bxc3 Qc7 11. Qd2 e5 12. dxc5 dxc5 13. Qb2 f6 14. Rad1 Be6
15. h3 Rad8 16. a3 Rxd1 17. Rxd1 Rd8 18. Rxd8+ Nxd8 19. Qd2 Nf7 20. Bd3 Nd6 21.
e4 b5 22. cxb5 Bxb3 23. Ba5 Qb7 24. Bc2 Bxc2 25. Qxd6 Bxe4 26. Qxc5 Bf8 27.
Qc4+ Bd5 28. Qa4 Bc5 29. Bb4 Qb6 30. Bxc5 Qxc5 31. Qa5 e4 32. Nd2 Kg7 33. Qb4
Qxb4 34. axb4 f5 35. f4 exf3 36. gxf3 f4 37. Kf2 Kf6 38. Ke2 g5 39. Kd3 Ke5 40.
Nc4+ Bxc4+ 41. Kxc4 h5 42. Kd3 Kf5 43. Ke2 g4 44. fxg4+ hxg4 45. hxg4+ Kxg4 46.
Kf2 f3 47. Kg1 Kg3 48. Kf1 Kf4 49. Kf2 Ke4 50. Ke1 Ke3 51. Kf1 f2 52. b6 axb6
53. b5 Kd3 54. Kxf2 Kc4 55. Ke3 Kxb5 56. Kd3 Kb4 57. Kc2 Ka3 58. Kb1 Kb3 59.
Ka1 b5 60. Kb1 b4 61. Ka1 Kc2 62. Ka2 b3+ 0-1

[Event "4NCL/Div4/FCA2 vs. ATH"]
[Site "Birmingham ENG"]
[Date "2007.10.27"]
[Round "1.4"]
[White "McLaughlin, Noel"]
[Black "Kendall, Paul S N"]
[Result "1/2-1/2"]
[WhiteElo "2025"]
[BlackElo "2061"]
[PlyCount "39"]
[EventDate "2007.10.27"]
[EventType "team"]
[EventRounds "11"]
[EventCountry "ENG"]
[SourceDate "2007.09.15"]

1. Nf3 d5 2. c4 d4 3. g3 c5 4. Bg2 g6 5. O-O Bg7 6. d3 Nc6 7. a3 a5 8. Nbd2 Nf6
9. Ng5 h6 10. Nge4 Qb6 11. Qb3 Qxb3 12. Nxf6+ exf6 13. Nxb3 Bf8 14. Re1 Be6 15.
e3 a4 16. exd4 axb3 17. d5 Nd4 18. Rb1 O-O-O 19. dxe6 fxe6 20. Bd2 1/2-1/2

[Event "4NCL/Div4/FCA2 vs. ATH"]
[Site "Birmingham ENG"]
[Date "2007.10.27"]
[Round "1.5"]
[White "Majer, Chris E"]
[Black "Aniecko, Colin"]
[Result "1-0"]
[WhiteElo "2060"]
[BlackElo "1712"]
[PlyCount "75"]
[EventDate "2007.10.27"]
[EventType "team"]
[EventRounds "11"]
[EventCountry "ENG"]
[SourceDate "2007.09.15"]

1. e4 c5 2. d4 cxd4 3. c3 dxc3 4. Nxc3 Nc6 5. Nf3 g6 6. Bc4 Bg7 7. e5 e6 8. Bf4
Nge7 9. O-O a6 10. Ne4 Nf5 11. g4 Bh6 12. Bxh6 Nxh6 13. Qd2 Nxg4 14. Qf4 Ngxe5
15. Nxe5 Nxe5 16. Qxe5 Rf8 17. Nf6+ Ke7 18. Nd5+ Ke8 19. Nc7+ Ke7 20. Nxa8 b5
21. Bb3 Bb7 22. Qc5+ Kf6 23. Nb6 Kg7 24. Rad1 d5 25. Qd4+ Kg8 26. Rd3 h5 27.
Rg3 e5 28. Qxe5 Qxb6 29. Bxd5 h4 30. Rh3 Bxd5 31. Qxd5 Qf6 32. Qe4 g5 33. Qg4
Kh7 34. Kh1 Qg6 35. f4 f6 36. fxg5 f5 37. Qxh4+ Kg7 38. Qh6+ 1-0

[Event "4NCL/Div4/FCA2 vs. ATH"]
[Site "Birmingham ENG"]
[Date "2007.10.27"]
[Round "1.6"]
[White "Sant, Maria"]
[Black "Valentine, Brian J"]
[Result "0-1"]
[WhiteElo "1380"]
[BlackElo "1986"]
[PlyCount "62"]
[EventDate "2007.10.27"]
[EventType "team"]
[EventRounds "11"]
[EventCountry "ENG"]
[SourceDate "2007.09.15"]

1. e4 c6 2. Nc3 g6 3. f4 Bg7 4. Nf3 d6 5. Be2 Nf6 6. O-O O-O 7. d3 Nbd7 8. f5
Qc7 9. fxg6 hxg6 10. Bg5 Nc5 11. Bxf6 Bxf6 12. d4 Ne6 13. Nb1 Qb6 14. Na3 Nxd4
15. Nxd4 Qxd4+ 16. Qxd4 Bxd4+ 17. Kh1 Bxb2 18. Rad1 Bxa3 19. Rf3 Bc5 20. Rg3
Be6 21. Bd3 Kg7 22. h4 Rh8 23. h5 Rxh5+ 24. Rh3 Rah8 25. Bf1 Bxh3 26. gxh3 Rg5
27. Kh2 Rh4 28. Bd3 Rf4 29. Rd2 Bg1+ 30. Kh1 Rf3 31. Rd1 Rxh3# 0-1

[Event "4NCL/Div4/CONQ1 vs. NOTT2"]
[Site "Birmingham ENG"]
[Date "2007.10.27"]
[Round "1.1"]
[White "Prizant, Michael"]
[Black "Lakhani, Kishan"]
[Result "1/2-1/2"]
[WhiteElo "2182"]
[BlackElo "1970"]
[PlyCount "43"]
[EventDate "2007.10.27"]
[EventType "team"]
[EventRounds "11"]
[EventCountry "ENG"]
[SourceDate "2007.09.15"]

1. e4 c5 2. c3 d5 3. exd5 Qxd5 4. d4 Nc6 5. Nf3 Bg4 6. Be2 e6 7. h3 Bh5 8. O-O
Nf6 9. Be3 cxd4 10. cxd4 Be7 11. Nc3 Qd7 12. g4 Bg6 13. Ne5 Qc8 14. Bf3 O-O 15.
Rc1 Qe8 16. Qe2 Nxe5 17. dxe5 Nd7 18. Qb5 a6 19. Qxb7 Rb8 20. Qc7 Bd8 21. Qd6
Be7 22. Qc7 1/2-1/2

[Event "4NCL/Div4/CONQ1 vs. NOTT2"]
[Site "Birmingham ENG"]
[Date "2007.10.27"]
[Round "1.2"]
[White "Webster, Richard J"]
[Black "Bailey, Kevin"]
[Result "1/2-1/2"]
[WhiteElo "1964"]
[BlackElo "2103"]
[PlyCount "187"]
[EventDate "2007.10.27"]
[EventType "team"]
[EventRounds "11"]
[EventCountry "ENG"]
[SourceDate "2007.09.15"]

1. e4 e6 2. d4 d5 3. e5 c5 4. c3 Nc6 5. Nf3 Bd7 6. Be2 Nge7 7. Na3 cxd4 8. cxd4
Nf5 9. Nc2 Be7 10. O-O O-O 11. b3 f6 12. exf6 Bxf6 13. Bb2 Qb6 14. Qd2 Rac8 15.
Rae1 a5 16. g4 Nh4 17. Nxh4 Bxh4 18. Bd1 Qc7 19. h3 Ne7 20. Ne3 Bg5 21. Qd3 Ng6
22. Ng2 Qb6 23. Be2 Qc7 24. Bd1 Nf4 25. Nxf4 Bxf4 26. Re2 Qd8 27. Bc2 Qh4 28.
Bc1 Bxc1 29. Rxc1 Rf4 30. Rf1 Rcf8 31. f3 Be8 32. Kg2 Bg6 33. Qe3 Qf6 34. Bxg6
Qxg6 35. Rd2 Qf6 36. Rd3 Rc8 37. Rf2 Rc6 38. h4 Qf8 39. Kg3 Rf7 40. f4 Qd6 41.
Re2 Rfc7 42. Qe5 Qxe5 43. fxe5 Rc2 44. Rxc2 Rxc2 45. a4 Kf7 46. Kf3 Kg6 47. Kf4
h5 48. gxh5+ Kxh5 49. Rg3 g6 50. Rg5+ Kh6 51. Rg3 Rc1 52. Rf3 Re1 53. Kg3 Re4
54. Rf6 Rxd4 55. Rxe6 Rd3+ 56. Kf2 Rxb3 57. Rd6 Rb4 58. Rxd5 Rxa4 59. Rb5 Rxh4
60. Rxa5 Rb4 61. e6 Kg7 62. Re5 Kf8 63. e7+ Ke8 64. Ke3 Rb6 65. Kd4 Rf6 66. Kd3
Rf7 67. Re6 Rg7 68. Kd4 g5 69. Kd5 Rxe7 70. Rg6 Kd7 71. Rxg5 Kc7 72. Kc5 Re1
73. Rg7+ Kb8 74. Rg4 Rc1+ 75. Rc4 Rh1 76. Kb5 Rh6 77. Rc3 {=} Rh5+ 78. Rc5
Rxc5+ 79. Kxc5 Kc7 80. Kb5 b6 81. Kb4 Kc6 82. Kc4 b5+ 83. Kb4 Kb6 84. Kb3 Kc5
85. Kc3 b4+ 86. Kb3 Kb5 87. Kb2 Kc4 88. Kc2 b3+ 89. Kb2 Kb4 90. Kb1 Ka3 91. Ka1
Ka4 92. Kb2 Kb4 93. Kb1 Kc4 94. Kb2 1/2-1/2

[Event "4NCL/Div4/CONQ1 vs. NOTT2"]
[Site "Birmingham ENG"]
[Date "2007.10.27"]
[Round "1.3"]
[White "Ynojosa, Felix J"]
[Black "Hill, Maurice J"]
[Result "1-0"]
[WhiteElo "2085"]
[BlackElo "1950"]
[PlyCount "141"]
[EventDate "2007.10.27"]
[EventType "team"]
[EventRounds "11"]
[EventCountry "ENG"]
[SourceDate "2007.09.15"]

1. e4 c5 2. c3 d6 3. d4 Nd7 4. Nf3 Qc7 5. Bd3 Ngf6 6. O-O a6 7. Re1 e5 8. d5
Be7 9. c4 Nf8 10. Nfd2 Ng6 11. Nf1 h5 12. Nc3 h4 13. Ne2 h3 14. g3 Bg4 15. Qa4+
Qd7 16. Qxd7+ Kxd7 17. Nc3 Kc7 18. a3 Nh7 19. b4 b6 20. Rb1 Ng5 21. Bxg5 Bxg5
22. Rb2 Ne7 23. Reb1 Rhb8 24. Be2 Bd7 {=} 25. f3 f5 26. Kf2 Bh6 27. g4 fxg4 28.
fxg4 Ng6 29. Kg3 Nf4 30. Rb3 Bg5 31. bxc5 bxc5 32. Rxb8 Rxb8 33. Rxb8 Kxb8 34.
Bd1 Bd8 35. Ne2 g5 36. Nxf4 exf4+ 37. Kxh3 Ba5 38. Kg2 Be1 39. h3 Kc7 40. Nh2
Bc3 41. Nf3 Bf6 42. Kf2 Kb6 43. Ke2 Ka5 44. Kd3 Ba4 45. Be2 Bd7 {=} 46. e5 dxe5
47. Ke4 Kb6 48. Nxe5 Kc7 49. Nxd7 Kxd7 50. Kf5 Be7 51. h4 gxh4 52. Kxf4 Bd6+
53. Kf5 Ke7 54. Bf1 Kf7 55. Bh3 Bg3 56. g5 Bd6 57. g6+ Kg7 58. Kg5 Be5 59. Kf5
Bf6 60. d6 Bd8 61. d7 Bf6 62. Ke6 Kxg6 63. Kd6 Bd8 64. Kxc5 Kf6 65. Kc6 Ke5 66.
c5 Ba5 67. Kb7 Kd5 68. c6 Kd6 69. Bg2 Bc7 70. Kc8 h3 71. Bh1 1-0

[Event "4NCL/Div4/CONQ1 vs. NOTT2"]
[Site "Birmingham ENG"]
[Date "2007.10.27"]
[Round "1.4"]
[White "Taylor, Robert P"]
[Black "Foster, James C"]
[Result "1-0"]
[WhiteElo "1990"]
[BlackElo "1970"]
[PlyCount "57"]
[EventDate "2007.10.27"]
[EventType "team"]
[EventRounds "11"]
[EventCountry "ENG"]
[SourceDate "2007.09.15"]

1. d4 d6 2. Nf3 Nd7 3. Bg5 h6 4. Bh4 Ngf6 5. Nbd2 c6 6. e4 g5 7. Bg3 g4 8. Nh4
Nb6 9. Bd3 Bg7 10. c3 h5 11. f3 Bh6 12. Qe2 gxf3 13. Ndxf3 d5 14. e5 Ng8 15.
Nf5 Bxf5 16. Bxf5 e6 17. Bh4 Qc7 18. Bc2 Nc4 19. Bd3 Nb6 20. Ng5 Bxg5 21. Bxg5
Kd7 22. O-O Rf8 23. Rf4 Ne7 24. Raf1 Ke8 25. Bf6 Rhg8 26. Qxh5 Ng6 27. Rg4 Nd7
28. Bxg6 Nxf6 29. Rxf6 1-0

[Event "4NCL/Div4/CONQ1 vs. NOTT2"]
[Site "Birmingham ENG"]
[Date "2007.10.27"]
[Round "1.5"]
[White "Cork, David J"]
[Black "Graham, Neil"]
[Result "0-1"]
[WhiteElo "2026"]
[BlackElo "1895"]
[PlyCount "78"]
[EventDate "2007.10.27"]
[EventType "team"]
[EventRounds "11"]
[EventCountry "ENG"]
[SourceDate "2007.09.15"]

1. e4 e5 2. Nf3 Nf6 3. Nxe5 d6 4. Nf3 Nxe4 5. d4 d5 6. c4 Bb4+ 7. Bd2 Nxd2 8.
Nbxd2 O-O 9. Be2 dxc4 10. Bxc4 Qe7+ 11. Qe2 Qxe2+ 12. Kxe2 Re8+ 13. Ne5 Be6 14.
Bxe6 Rxe6 15. a3 Bd6 16. Rhe1 f6 17. f4 fxe5 18. fxe5 Be7 19. Kd3 Nd7 20. Nc4
b5 21. Ne3 Rd8 22. Ke4 c6 23. Rac1 Bg5 24. Rc3 Bxe3 25. Rexe3 g6 26. b3 Nf6+
27. Kf4 Nd5+ 28. Ke4 Nxe3 29. Rxe3 a5 30. b4 a4 31. Rc3 Kf7 32. g4 Ke8 33. Rh3
Rd7 34. Rc3 Rf7 35. h4 Rf1 36. h5 gxh5 37. gxh5 Rh1 38. Kf5 Rh6 39. Kg5 R1xh5+
0-1

[Event "4NCL/Div4/CONQ1 vs. NOTT2"]
[Site "Birmingham ENG"]
[Date "2007.10.27"]
[Round "1.6"]
[White "Lakhani, Anjali"]
[Black "Auckland, Elliott"]
[Result "0-1"]
[WhiteElo "1531"]
[BlackElo "1904"]
[PlyCount "94"]
[EventDate "2007.10.27"]
[EventType "team"]
[EventRounds "11"]
[EventCountry "ENG"]
[SourceDate "2007.09.15"]

1. e4 c5 2. Nf3 e6 3. d4 cxd4 4. Nxd4 a6 5. Nc3 b5 6. Bd3 Qc7 7. Be3 Bb7 8. a3
Nf6 9. f3 h5 10. Qd2 Nc6 11. Ncxb5 axb5 12. Nxb5 Qd8 13. Qf2 Qb8 14. Bb6 Bd6
15. a4 Ba6 16. a5 Bxb5 17. Bxb5 Bc7 18. Bxc7 Qxc7 19. a6 Qa7 20. O-O O-O 21. c3
Rfb8 22. Bxc6 dxc6 23. b4 Rb6 24. Kh1 Rxa6 25. Rxa6 Qxa6 26. Rd1 Qa2 27. Qc5
Qe2 28. Rg1 Qb5 29. Qd4 e5 30. Qe3 Rd8 31. Ra1 Qd3 32. Qe1 Qd2 33. Qb1 Qxc3 34.
h3 h4 35. Ra6 Nh5 36. Rb6 Nf4 37. b5 Qd2 38. Qg1 cxb5 39. Rxb5 f6 40. Qf1 Qd1
41. Qxd1 Rxd1+ 42. Kh2 Rd2 43. Rb8+ Kh7 44. Rb1 Rxg2+ 45. Kh1 Rg3 46. Rb3 Nxh3
47. Kh2 Ng5 0-1

[Event "4NCL/Div4/BCA vs. MET"]
[Site "Birmingham ENG"]
[Date "2007.10.27"]
[Round "1.1"]
[White "Crouch, Colin"]
[Black "Dickson, George"]
[Result "1-0"]
[WhiteElo "2353"]
[BlackElo "2160"]
[PlyCount "59"]
[EventDate "2007.10.27"]
[EventType "team"]
[EventRounds "11"]
[EventCountry "ENG"]
[SourceDate "2007.09.15"]

1. d4 Nf6 2. c4 c5 3. d5 e6 4. Nc3 exd5 5. cxd5 d6 6. e4 g6 7. Bd3 Bg7 8. h3
O-O 9. Nf3 b5 10. O-O b4 11. Ne2 Ba6 12. Bxa6 Nxa6 13. Qd3 Nc7 14. Nd2 Re8 15.
Ng3 Rb8 16. Nc4 Nb5 17. Bf4 h5 18. Bg5 Qd7 19. f4 Nh7 20. Bh4 Bd4+ 21. Kh1 Bf6
22. Bxf6 Nxf6 23. f5 Kg7 24. Qf3 Qe7 25. Qf4 Nh7 26. a4 bxa3 27. bxa3 h4 28. a4
hxg3 29. axb5 Qxe4 30. Nxd6 1-0

[Event "4NCL/Div4/BCA vs. MET"]
[Site "Birmingham ENG"]
[Date "2007.10.27"]
[Round "1.2"]
[White "Noden, Nicolas"]
[Black "Mordue, A Tyson"]
[Result "0-1"]
[WhiteElo "2171"]
[BlackElo "2298"]
[PlyCount "90"]
[EventDate "2007.10.27"]
[EventType "team"]
[EventRounds "11"]
[EventCountry "ENG"]
[SourceDate "2007.09.15"]

1. c4 g6 2. g3 Bg7 3. Bg2 d6 4. Nc3 e5 5. e4 Nc6 6. Nge2 Be6 7. d3 Qd7 8. Nd5
f5 9. O-O Nge7 10. Be3 O-O 11. Qd2 Rf7 12. Rac1 Raf8 13. f3 Nc8 14. exf5 Bxf5
15. g4 Be6 16. d4 exd4 17. Nxd4 Bxd5 18. cxd5 Nxd4 19. Bxd4 Bxd4+ 20. Qxd4 Rf4
21. Qc3 R8f7 22. Rf2 Nb6 23. Qd3 Qa4 24. b3 Qd4 25. Rd1 Qxd3 26. Rxd3 Re7 27.
Rc2 g5 28. Kf2 Kf8 29. Rd1 Ke8 30. Re2 Rxe2+ 31. Kxe2 Ke7 32. h4 h6 33. hxg5
hxg5 34. Ke3 Kf6 35. Rd4 Ke5 36. Re4+ Rxe4+ 37. fxe4 Nd7 38. Bf3 Nf6 39. a3 a5
40. b4 axb4 41. axb4 b5 42. Be2 Nxe4 43. Bxb5 Nf6 44. Bc6 Nxg4+ 45. Kd3 Nf6 0-1

[Event "4NCL/Div4/BCA vs. MET"]
[Site "Birmingham ENG"]
[Date "2007.10.27"]
[Round "1.3"]
[White "Ross, Chris"]
[Black "Vachtfeidl, Petr"]
[Result "1-0"]
[WhiteElo "2144"]
[BlackElo "2016"]
[PlyCount "63"]
[EventDate "2007.10.27"]
[EventType "team"]
[EventRounds "11"]
[EventCountry "ENG"]
[SourceDate "2007.09.15"]
[WhiteTeam "Braille Chess Association"]
[BlackTeam "Metropolitan"]

1. d4 Nf6 2. Nf3 g6 3. Nc3 d5 4. Bf4 Bg7 5. Qd2 O-O 6. Bh6 c5 7. Bxg7 Kxg7 8.
e3 Nc6 9. Ne5 cxd4 10. exd4 Qb6 11. Nxc6 bxc6 12. Na4 Qc7 13. O-O-O Ne4 14. Qe3
Qa5 15. b3 Qb4 16. f3 Qa3+ 17. Kb1 Nf6 18. g4 Nd7 19. h4 h6 20. h5 g5 21. f4 f6
22. Qd3 f5 23. fxg5 hxg5 24. h6+ Kh8 25. gxf5 Nb6 26. Nc5 Bxf5 27. Qe3 Bxc2+
28. Kxc2 Rf2+ 29. Kd3 Raf8 30. Qe5+ R8f6 31. Be2 Nc4 32. Qxg5 1-0

[Event "4NCL/Div4/BCA vs. MET"]
[Site "Birmingham ENG"]
[Date "2007.10.27"]
[Round "1.4"]
[White "Calvert, D Ian"]
[Black "Lilley, Graham"]
[Result "1/2-1/2"]
[WhiteElo "2058"]
[BlackElo "2140"]
[PlyCount "47"]
[EventDate "2007.10.27"]
[EventType "team"]
[EventRounds "11"]
[EventCountry "ENG"]
[SourceDate "2007.09.15"]

1. b3 e5 2. Bb2 d6 3. e3 Nf6 4. d4 exd4 5. Qxd4 Nc6 6. Bb5 Bd7 7. Bxc6 Bxc6 8.
Nf3 Be7 9. Nbd2 O-O 10. O-O Ne8 11. Qd3 Bf6 12. Bxf6 Nxf6 13. Nd4 Bd7 14. c4
Qe7 15. e4 Rfe8 16. Rae1 c5 17. N4f3 Bc6 18. e5 dxe5 19. Rxe5 Qf8 20. Rfe1 Rxe5
21. Rxe5 Re8 22. h3 b6 23. Qe3 Bxf3 24. Nxf3 1/2-1/2

[Event "4NCL/Div4/BCA vs. MET"]
[Site "Birmingham ENG"]
[Date "2007.10.27"]
[Round "1.5"]
[White "Hilton, Steve"]
[Black "Murphy, Kieran"]
[Result "0-1"]
[WhiteElo "1967"]
[BlackElo "2033"]
[PlyCount "74"]
[EventDate "2007.10.27"]
[EventType "team"]
[EventRounds "11"]
[EventCountry "ENG"]
[SourceDate "2007.09.15"]

1. d4 Nf6 2. c4 g6 3. Nc3 Bg7 4. e4 d6 5. Be2 O-O 6. Bg5 Na6 7. Nf3 h6 8. Bh4
e5 9. dxe5 dxe5 10. Qxd8 Rxd8 11. Bg3 Re8 12. O-O-O Bg4 13. h3 Bxf3 14. gxf3 c6
15. Rhe1 Nh5 16. Bf1 Rad8 17. Ne2 Nc5 18. Kc2 Ne6 19. Rd3 Rxd3 20. Kxd3 Rd8+
21. Kc2 Kf8 22. b4 Ke8 23. Rb1 Kd7 24. Rb3 Kc7 25. h4 Nd4+ 26. Nxd4 Rxd4 27.
Ra3 a6 28. Rb3 f5 29. exf5 gxf5 30. b5 axb5 31. cxb5 f4 32. Bh2 Bf8 33. bxc6
Kxc6 34. Bd3 b6 35. Be4+ Kc7 36. Rc3+ Bc5 37. Bg6 Nf6 0-1

[Event "4NCL/Div4/BCA vs. MET"]
[Site "Birmingham ENG"]
[Date "2007.10.27"]
[Round "1.6"]
[White "Cooke, Charlie"]
[Black "Wragg, Norman"]
[Result "1/2-1/2"]
[WhiteElo "1845"]
[BlackElo "1835"]
[PlyCount "96"]
[EventDate "2007.10.27"]
[EventType "team"]
[EventRounds "11"]
[EventCountry "ENG"]
[SourceDate "2007.09.15"]

1. d4 d5 2. c4 e6 3. Nc3 Nf6 4. Bg5 Nbd7 5. cxd5 exd5 6. e3 c6 7. Bd3 Be7 8.
Nf3 h6 9. Bh4 O-O 10. O-O Re8 11. h3 Ne4 12. Bxe7 Qxe7 13. Qc2 Nd6 14. Rae1 Nf6
15. Nd2 Qc7 16. f4 Bd7 17. Nf3 Qc8 18. Nd1 Bf5 19. Nf2 Bxd3 20. Nxd3 Nfe4 21.
g4 Nc4 22. b3 Ncd6 23. Nfe5 f6 24. Ng6 Nf7 25. f5 Nh8 26. Ngf4 Nf7 27. Ne6 Nd8
28. Nef4 Nf7 29. h4 Qd7 30. Ne6 Nd8 31. Ndf4 Nxe6 32. Nxe6 Qd6 33. Rf3 Kf7 34.
Rd1 Rh8 {=} 35. Kg2 g5 36. Rh1 gxh4 37. Rxh4 Ng5 38. Nxg5+ hxg5 39. Rh5 Rxh5
40. gxh5 Rh8 41. Rh3 Rh6 42. Kf3 Qe7 43. Kg4 Kg7 44. Kf3 Kf7 45. Qd3 Qe8 {=}
46. e4 dxe4+ 47. Qxe4 Qxe4+ 48. Kxe4 Ke7 1/2-1/2

[Event "4NCL/Div4/SCS vs. OXF3"]
[Site "Birmingham ENG"]
[Date "2007.10.27"]
[Round "1.1"]
[White "Haydon, David"]
[Black "Morris, Graham"]
[Result "1-0"]
[WhiteElo "2080"]
[BlackElo "2059"]
[PlyCount "63"]
[EventDate "2007.10.27"]
[EventType "team"]
[EventRounds "11"]
[EventCountry "ENG"]
[SourceDate "2007.09.15"]

1. d4 Nf6 2. Bg5 e6 3. Bxf6 Qxf6 4. e4 d5 5. e5 Qd8 6. f4 c5 7. Nf3 Nc6 8. c3
Bd7 9. a3 c4 10. Be2 Be7 11. O-O Qb6 12. Qc2 Na5 13. Nbd2 Rc8 14. Rf2 g6 15.
Kh1 h5 16. Ng5 Nb3 17. Nxb3 Ba4 18. Qb1 Bxb3 19. g4 hxg4 20. Bxg4 Rh6 21. Qg1
Rc7 22. Qg3 Ba4 23. Qe3 Bf8 24. Rg1 Re7 25. Rg3 Kd8 26. Rh3 Rxh3 27. Qxh3 Qc6
28. Qh8 Qe8 29. h4 Rc7 30. h5 gxh5 31. Bxh5 Be7 32. Nxe6+ 1-0

[Event "4NCL/Div4/SCS vs. OXF3"]
[Site "Birmingham ENG"]
[Date "2007.10.27"]
[Round "1.2"]
[White "Ludbrook, Matt"]
[Black "Sathyanandha, Saravanan"]
[Result "1/2-1/2"]
[WhiteElo "2046"]
[BlackElo "1909"]
[PlyCount "91"]
[EventDate "2007.10.27"]
[EventType "team"]
[EventRounds "11"]
[EventCountry "ENG"]
[SourceDate "2007.09.15"]

1. e4 e6 2. d4 d5 3. Nd2 Nf6 4. e5 Nfd7 5. Bd3 c5 6. c3 Nc6 7. Ne2 cxd4 8. cxd4
f6 9. exf6 Nxf6 10. Nf3 Bd6 11. Bf4 O-O 12. O-O Bxf4 13. Nxf4 Ne4 14. g3 Qf6
15. h4 Qh6 16. Qc1 Bd7 17. Re1 Rac8 18. Qe3 Nb4 19. Bxe4 dxe4 20. Ng5 Nc2 21.
Qxe4 Nxa1 22. Rxa1 Bc6 23. Qxe6+ Qxe6 24. Ngxe6 Rfe8 25. Re1 Rcd8 26. Re3 Rd6
27. g4 h6 28. g5 hxg5 29. hxg5 Kf7 30. g6+ Kf6 31. Nh5+ Kxg6 32. Nhxg7 Re7 33.
f4 Bd5 34. f5+ Kf6 35. Nh5+ Kxf5 36. Neg7+ Rxg7+ 37. Nxg7+ Kf4 38. Kf2 Rg6 39.
Nh5+ Kg4 40. Ng3 Rf6+ 41. Ke1 Bxa2 42. Kd2 Rf2+ 43. Ne2 Bc4 44. b3 Bb5 45. Re4+
Kf3 46. Rf4+ 1/2-1/2

[Event "4NCL/Div4/SCS vs. OXF3"]
[Site "Birmingham ENG"]
[Date "2007.10.27"]
[Round "1.3"]
[White "Lutton, J Arnold"]
[Black "Jeffries, Majid"]
[Result "0-1"]
[WhiteElo "1889"]
[BlackElo "2012"]
[PlyCount "56"]
[EventDate "2007.10.27"]
[EventType "team"]
[EventRounds "11"]
[EventCountry "ENG"]
[SourceDate "2007.09.15"]

1. e4 c5 2. Nc3 Nc6 3. f4 g6 4. Nf3 Bg7 5. Bb5 Nd4 6. Bc4 e6 7. O-O Ne7 8. Nxd4
Bxd4+ 9. Kh1 d6 10. Ne2 Bg7 11. d3 Bd7 12. c3 Bc6 13. f5 gxf5 14. Ng3 d5 15.
exd5 Nxd5 16. Nxf5 exf5 17. Qh5 O-O 18. Bd2 b5 19. Bb3 c4 20. dxc4 bxc4 21. Bc2
Nf6 22. Qe2 Re8 23. Qf2 Be4 24. Bg5 Ng4 25. Qh4 f6 26. Bxe4 fxg5 27. Bd5+ Qxd5
28. Qxg5 Re2 0-1

[Event "4NCL/Div4/SCS vs. OXF3"]
[Site "Birmingham ENG"]
[Date "2007.10.27"]
[Round "1.4"]
[White "Zhang, Marco"]
[Black "Sathyanandha, Senthuran"]
[Result "1-0"]
[WhiteElo "1925"]
[BlackElo "1779"]
[PlyCount "67"]
[EventDate "2007.10.27"]
[EventType "team"]
[EventRounds "11"]
[EventCountry "ENG"]
[SourceDate "2007.09.15"]

1. e4 e6 2. d4 d5 3. exd5 exd5 4. c4 Nf6 5. Nc3 Be7 6. Bf4 c6 7. Nf3 O-O 8. Bd3
dxc4 9. Bxc4 Nbd7 10. O-O Nb6 11. Bb3 Nbd5 12. Bg5 Be6 13. Re1 Re8 14. Ne5 Qa5
15. Qf3 Rad8 16. Qg3 Nh5 17. Qh4 Bxg5 18. Qxg5 Nhf6 19. Ne4 Nxe4 20. Rxe4 Nf6
21. Bxe6 Rxe6 22. Rg4 Nxg4 23. Qxg4 Red6 24. Nc4 Qd5 25. Nxd6 Qxd6 26. Re1 g6
27. h4 Qxd4 28. Qg5 Qd5 29. Qf6 Qd6 30. Re8+ Rxe8 31. Qxd6 Kg7 32. Qd4+ f6 33.
Qd7+ Kf8 34. Qxh7 1-0

[Event "4NCL/Div4/SCS vs. OXF3"]
[Site "Birmingham ENG"]
[Date "2007.10.27"]
[Round "1.5"]
[White "Clarke, Sean A"]
[Black "Terry, Sean"]
[Result "1/2-1/2"]
[WhiteElo "1800"]
[BlackElo "1823"]
[PlyCount "95"]
[EventDate "2007.10.27"]
[EventType "team"]
[EventRounds "11"]
[EventCountry "ENG"]
[SourceDate "2007.09.15"]

1. Nf3 Nf6 2. d4 g6 3. c4 Bg7 4. Nc3 O-O 5. e4 d6 6. h3 c5 7. Be3 b6 8. Qc2 a6
9. Rd1 Qc7 10. g4 e6 11. Qd2 Bb7 12. Bd3 Re8 13. O-O h5 14. Nh2 cxd4 15. Bxd4
hxg4 16. Qe3 Nc6 17. Bxb6 Qe7 18. hxg4 Rac8 19. c5 d5 20. exd5 Nxd5 21. Nxd5
exd5 22. Qxe7 Rxe7 23. Rd2 Rce8 24. a3 Bh6 25. f4 Bg7 26. Nf3 Nd4 27. Kh2 Nxf3+
28. Rxf3 Bd4 29. c6 Bxb6 30. cxb7 Be3 31. Rc2 Rxb7 32. Bxa6 Rb6 33. Bd3 d4 34.
b4 Ra8 35. f5 Rxa3 36. fxg6 fxg6 37. Rc8+ Kg7 38. Rc7+ Kh6 39. g5+ Kxg5 40.
Rc5+ Kh6 41. Rh3+ Kg7 42. Rc7+ Kf6 43. Rf3+ Ke5 44. Rc5+ Ke6 45. Bxg6 Bg1+ 46.
Kg2 Rxf3 47. Kxf3 Rxb4 48. Bd3 1/2-1/2

[Event "4NCL/Div4/SCS vs. OXF3"]
[Site "Birmingham ENG"]
[Date "2007.10.27"]
[Round "1.6"]
[White "Henbest, Kevin B"]
[Black "Lowry-O'Reilly, Hannah"]
[Result "0-1"]
[WhiteElo "1785"]
[BlackElo "1813"]
[PlyCount "60"]
[EventDate "2007.10.27"]
[EventType "team"]
[EventRounds "11"]
[EventCountry "ENG"]
[SourceDate "2007.09.15"]

1. e4 c5 2. Nf3 Nf6 3. e5 Nd5 4. c4 Nc7 5. d4 cxd4 6. Nxd4 d6 7. f4 dxe5 8.
fxe5 g6 9. Be2 Bg7 10. Bf4 O-O 11. O-O Ne6 12. Nxe6 Bxe6 13. Bf3 Qb6+ 14. Kh1
Bxc4 15. Be2 Bxe2 16. Qxe2 Nc6 17. Nc3 Rad8 18. Rad1 Rxd1 19. Rxd1 Rd8 20. Nd5
Qa5 21. b4 Nxb4 22. Nxe7+ Kf8 23. Rxd8+ Qxd8 24. Bg5 Qd4 25. Qe1 Qxe5 26. Nxg6+
hxg6 27. Qxb4+ Kg8 28. Bd2 Qe2 29. h3 Be5 30. Qc5 Qd1+ 0-1

[Event "4NCL/Div4/LIT2 vs. ANGA2"]
[Site "Birmingham ENG"]
[Date "2007.10.27"]
[Round "1.1"]
[White "Stewart, Joseph"]
[Black "Savage, Nicholas W"]
[Result "0-1"]
[WhiteElo "2005"]
[BlackElo "2105"]
[PlyCount "82"]
[EventDate "2007.10.27"]
[EventType "team"]
[EventRounds "11"]
[EventCountry "ENG"]
[SourceDate "2007.09.15"]

1. e4 e5 2. Nf3 Nc6 3. Bb5 a6 4. Bxc6 dxc6 5. O-O Qd6 6. d4 exd4 7. Qxd4 Qxd4
8. Nxd4 Bd7 9. Bg5 f6 10. Be3 O-O-O 11. Nd2 Ne7 12. N2f3 Ng6 13. Rfe1 Re8 14.
Bd2 c5 15. Nf5 Bc6 16. e5 Nxe5 17. Nxe5 Rxe5 18. Rxe5 fxe5 19. Re1 Bd6 20. Bc3
Re8 21. Ne3 b5 22. Ng4 b4 23. Bd2 Kb7 24. Ne3 Kb6 25. Nc4+ Kb5 26. b3 Bd5 27.
a4+ Kc6 28. Ne3 Bf7 29. Rc1 c4 30. c3 cxb3 31. cxb4+ Kd7 32. Rb1 Rb8 33. Nf1
Bxb4 34. g3 Bxd2 35. Nxd2 c5 36. Ne4 Kc6 37. Rb2 c4 38. Nc3 Kc5 39. Re2 Kd4 40.
Nd1 c3 41. Re3 c2 0-1